ბათუმის შოთა რუსთაველის სახელმწიფო უნივერსიტეტის ბიბლიოთეკა

ვაჟა-ფშაველა 150-თანამედროვე ინტერპრეტაციათა ცდანი : (ბიბ.ჩანაწერი № 40000)

000 -ლიდერი
ფიქსირებული სიგრძის საკონტროლო ველი 01466nam a2200265Ia 4500
001 - საკონტროლო ნომერი
საკონტროლო ველი 6606
003 - საკონტროლო ნომრის იდენტიფიკატორი
საკონტროლო ველი GE_BSU
005 - ბოლო ოპერაციის თარიღი და დრო
საკონტროლო ველი 20191210164123.0
008 - ფიქსირებული სიგრძის მონაცემთა ელემენტები - ზოგადი ინფორმაცია
ფიქსირებული სიგრძის საკონტროლო ველი 181216s2012||||ge |||||||||||||| ||geo||
020 ## - წიგნის საერთაშორისო სტანდარტული ნომერი
International Standard Book Number 9789941132360
040 ## - კატალოგიზაციის წყარო
Transcribing agency GE_BSU
041 ## - ენის კოდი
Language code of text/sound track or separate title geo
080 ## - უნივერსალური ათობითი კლასიფიკაციის ინდექსი
Universal Decimal Classification number 821.353.1(092ფშაველა) ვ-20
245 ## - ცნობა სათაურის შესახებ
Title ვაჟა-ფშაველა 150-თანამედროვე ინტერპრეტაციათა ცდანი :
Remainder of title [კრებული] /
Statement of responsibility, etc ივანე ჯავახიშვილის სახ. თბილისის სახელმწ. უნ-ტი ; რედ. თამარ შარაბიძე.
264 ## - წარმოების, გამოცემის, დისტრიბუციის და სხვა ცნობები
გამოცემის, წარმოების, დისტრიბუციის... ადგილი თბილისი :
გამოცემის, წარმოების, დისტრიბუციის... სახელწოდება თბილ. უნ-ტის გამ-ბა,
გამოცემის, წარმოების, დისტრიბუციის... თარიღი 2012.
300 ## - ფიზიკური აღწერა
Extent 250 გვ. ;
Other physical details 20 სმ.
504 ## - BIBLIOGRAPHY, ETC. NOTE
Bibliography, etc ბიბლიოგრ. სტატიების ბოლოს.
600 ## - SUBJECT ADDED ENTRY--PERSONAL NAME
Personal name ვაჟა-ფშაველა (1861-1915)
9 (RLIN) 5768
653 ## - INDEX TERM--UNCONTROLLED
Uncontrolled term ქართული ლიტერატურის ისტორია და კრიტიკა
700 ## - ADDED ENTRY--PERSONAL NAME
Personal name ევგენიძე, იუზა
Relator term ავტორი
9 (RLIN) 5769
700 ## - ADDED ENTRY--PERSONAL NAME
Personal name არაბული, ამირან
Relator term ავტორი
9 (RLIN) 5770
700 ## - ADDED ENTRY--PERSONAL NAME
Personal name სირაძე, რევაზ და სხვ.
Relator term ავტორი
9 (RLIN) 5771
700 ## - ADDED ENTRY--PERSONAL NAME
Personal name შარაბიძე, თამარ
Relator term რედაქტორი
9 (RLIN) 5772
942 ## - ADDED ENTRY ELEMENTS (KOHA)
Koha item type წიგნი
Source of classification or shelving scheme
ეგზემპლარები
ჩამოწერის სტატუსი დაკარგული ეგზემპლარის სტატუსი კლასიფიკაციის წყარო ან თაროზე გაწყობის სქემა დაზიანების სტატუსი არ გაიცემა მუდმივი მდებარეობა (დაცვის ადგილი) ამჟამინდელი ადგილსამყოფელი თაროზე განთავსების ადგილი შეძენის თარიღი სრული შენახვის შიფრი შტრიხკოდი ბოლო ოპერაციის თარიღი ეგზემპლარის მიმდევრობითი ნომერი (კეტერი?) ფასის ძალაში შესვლის თარიღი ეგზემპლარის სახეობა
          ბათუმის შოთა რუსთაველის სახელმწიფო უნივერსიტეტის მთავარი ბიბლიოთეკა ბათუმის შოთა რუსთაველის სახელმწიფო უნივერსიტეტის მთავარი ბიბლიოთეკა წიგნსაცავი 2018-12-17 821.353.1(092ფშაველა). 7050 2018-12-17 7050 2018-12-17 წიგნი
          ბათუმის შოთა რუსთაველის სახელმწიფო უნივერსიტეტის მთავარი ბიბლიოთეკა ბათუმის შოთა რუსთაველის სახელმწიფო უნივერსიტეტის მთავარი ბიბლიოთეკა წიგნსაცავი 2019-12-10 821.353.1(092ფშაველა) ვ-20 27144 2019-12-10 27144 2019-12-10 წიგნი